00347nam a2200109Ia 4500008004100000082000800041100001200049245006000061942000600121952009500127999001500222240331s9999 xx 000 0 und d bDOI aGay,P.D 0aDoing cultural studies :bthe story of the sony walkman cL 001040708LaWERCLbWERCLcSSCd2024-03-31l0o 306 DOIp2543r2024-03-31w2024-03-31yL c2085d2085